| 000 | 00989cam a2200289 4500 | ||
|---|---|---|---|
| 001 | agr67000397 | ||
| 003 | DLC | ||
| 005 | 20260227111028.0 | ||
| 008 | 700508s1967 dcub bs 000 0 eng c | ||
| 010 | _aagr67000397 | ||
| 040 |
_aU.S. Nat'l Agr. Libr. _cDLC _dDLC |
||
| 050 | 0 | 0 |
_aHD9014.B82 _bU45 |
| 070 | 0 | _aA281.9 Ag83 no. 190 | |
| 082 | 0 | 0 | _a382/.41/0981 |
| 110 | 1 |
_aUnited States. _bDepartment of Agriculture. _bEconomic Research Service. |
|
| 245 | 1 | 0 |
_aBrazil's position in world agricultural trade _c[by Howard A. Osborn, and staff members of the Western Hemisphere Branch. |
| 260 |
_aWashington, _c1967] |
||
| 300 |
_aiv, 133 p. _bmap. _c26 cm. |
||
| 410 | 1 | 1 |
_aIts _tERS-foreign _v190 |
| 500 | _aCover title. | ||
| 504 | _aBibliography: p. 86-88. | ||
| 650 | 0 |
_aProduce trade _zBrazil. |
|
| 650 | 0 |
_aAgriculture _xEconomic aspects _zBrazil. |
|
| 650 | 3 |
_aProduce trade _zBrazil. |
|
| 650 | 3 |
_aAgriculture _xEconomic aspects _zBrazil. |
|
| 700 | 1 |
_aOsborn, Howard A., _d1925- |
|
| 999 |
_c12318 _d12318 |
||